Los 10 países que más consumen pastas - Estadísticas

Estadísticas generales
  • Esta prueba ha sido intentada 53 veces
  • La puntuación promedio es 6 de 10
Estadísticas de respuestas
Top Kg por personas
por año
País % Correcto
24kg por persona al año Italia
100%
8.8kg por persona al año Estados Unidos
88%
8.3kg por persona al año Francia
86%
10° 7.7kg por persona al año Alemania
84%
8.7kg por persona al año Argentina
71%
9kg por persona al año Suiza
63%
11kg por persona al año Grecia
59%
12kg por persona al año Venezuela
22%
8.5kg por persona al año Irán
12%
16kg por persona al año Túnez
8%
No se encontraron pruebas coincidentes
Distribución de puntuación
Porcentaje de gente con cada puntuación
Porcentaje por número respondido
Historial de tus puntuaciones
No has intentado esta prueba.